Hacia un historia del espacio en la montaña de Guerrero (notice nᵒ 6217)
[ vue normale ]
| 000 -Sello discográfico | |
|---|---|
| campo de control de longitud fija | 01035nam a2200289 4500 |
| 005 - Identificación de versión | |
| campo de control | 20251016084615.0 |
| 010 ## - Número Estándar Internacional de Libros (ISBN) | |
| Número (ISBN) | 968-6029-39-7 |
| 099 ## - fechas locales | |
| Tipo de ítem Koha | LIBRO |
| 100 ## - Datos de procesamiento general | |
| Datos de procesamiento general | 20221017d1995 m y1spay5003 ba |
| 105 ## - Campo de datos codificados: Material textual, monográfico | |
| Datos codificados de monografía | a 001zy |
| 200 1# - Título y mención de responsabilidad | |
| Título propio | Hacia un historia del espacio en la montaña de Guerrero |
| Designación general del material | texto impreso |
| Primer mención de responsabilidad | Danièle Dehouve |
| 205 ## - Declaración de edición | |
| Declaración de edición | 1a ed |
| 210 ## - Publicación, distribución, etc. | |
| Lugar de publicación, distribución, etc. | México |
| Nombre del editor, distribuidor, etc. | Centro de Estudios Mexicanos y Centroamericans |
| -- | Centro de Investigaciones y Estudios Superiores en Antropología Social |
| Fecha de publicación, distribución, etc. | 1995 |
| 215 ## - Descripción física | |
| Designación de material específico y extensión del ítem | 157 p |
| Otras características físicas | il., fot. |
| Dimensiones | 22 cm |
| 345 ## - Nota de información de adquisición | |
| Fuente de adquisición/dirección de la suscripción [OBSOLETO] | Donación Alain Musset |
| 606 ## - Término temático usado como materia | |
| Elemento de entrada | Ciudades y pueblos |
| Subdivisión geográfica | Guerrero, Estado (México) |
| Subdivisión temática | Historia |
| -- | Fuentes |
| Número Koha | 11805 |
| 606 ## - Término temático usado como materia | |
| Elemento de entrada | Indios de Guerrero |
| Subdivisión temática | Historia |
| -- | Fuentes |
| Número Koha | 11806 |
| 660 ## - Código de área geográfica | |
| Código | MX |
| 700 ## - Nombre personal - Responsabilidad primaria | |
| Elemento de entrada | Dehouve |
| Parte del nombre distinta del elemento de entrada | Danièle |
| Fechas | 1945- |
| Número Koha | 607 |
| 801 #0 - Fuente de origen | |
| País | FR |
| Agencia | cm |
| Reglas de catalogación (convenciones descriptivas) | AFNOR |
| 900 ## - | |
| -- | 1/21791 |
| 900 ## - | |
| -- | 7100417642\080104 |
| 942 ## - ELEMENTOS DE ENTRADA SECUNDARIOS (KOHA) | |
| Tipo de ítem Koha | Livre |
| 996 ## - | |
| -- | MEX |
| -- | 751145101 |
| -- | MMAG |
| -- | 006924 |
| -- | 972.71 D413H |
| -- | 20221017LIV |
| Estatus retirado | Estado de daño | Estado de pérdida | Fecha de adquisición | Biblioteca de origen | Biblioteca actual | Ubicación en estantería | Código de barras | Precio de reemplazo | Signatura topográfica completa | No para préstamo | Tipo de ítem Koha | Nota pública | Nota no pública |
|---|---|---|---|---|---|---|---|---|---|---|---|---|---|
| 05/08/2025 | Casa México Paris | Casa México Paris | 006924 | 05/08/2025 | 972.71 D413H | Livre | 20221017LIV | 751145101 |